The ADV Speaking-Construction in American English: A Quantitative Corpus-Based Investigation
V tomto článku autor aplikuje teóriu sémantiky rámca, model konštrukčnej gramatiky založený na použití a metodológiu založenú na kvantitatívnom korpuse na skúmanie povahy hovoriacej konštrukcie ADV v americkej angličtine, konštrukcie príslovkového príčastia. Príčastie nebolo predtým skúmané pomocou...
Gespeichert in:
| 1. Verfasser: | |
|---|---|
| Format: | Buchkapitel |
| Sprache: | Englisch |
| Schlagworte: | |
| Tags: |
Keine Tags, Fügen Sie das erste Tag hinzu!
|
MARC
| LEADER | 00000naa a2200000 4500 | ||
|---|---|---|---|
| 001 | 0299651 | ||
| 005 | 20240426091533.5 | ||
| 041 | 0 | |a eng | |
| 044 | |a PL | ||
| 245 | 1 | 0 | |a The ADV Speaking-Construction in American English: A Quantitative Corpus-Based Investigation |c Jarosław Wiliński |
| 520 | |a V tomto článku autor aplikuje teóriu sémantiky rámca, model konštrukčnej gramatiky založený na použití a metodológiu založenú na kvantitatívnom korpuse na skúmanie povahy hovoriacej konštrukcie ADV v americkej angličtine, konštrukcie príslovkového príčastia. Príčastie nebolo predtým skúmané pomocou metód založených na kvantitatívnych korpusoch. | ||
| 610 | 2 | 0 | |a jazykoveda |
| 610 | 2 | 0 | |a angličtina |
| 610 | 2 | 0 | |a sémantika |
| 610 | 2 | 0 | |a gramatika |
| 610 | 2 | 0 | |a korpus lingvistický |
| 100 | 1 | |a Wiliński, Jarosław | |